ბათუმის შოთა რუსთაველის სახელმწიფო უნივერსიტეტის ბიბლიოთეკა

ლიტერატურული პალიტრა №12. 2014. დეკემბერი (ბიბ.ჩანაწერი № 47105)

000 -LEADER
fixed length control field 00443nam a2200133Ia 4500
001 - CONTROL NUMBER
control field 13962
003 - CONTROL NUMBER IDENTIFIER
control field GE_BSU
008 - FIXED-LENGTH DATA ELEMENTS--GENERAL INFORMATION
fixed length control field 181216s||||||||xx |||||||||||||| ||und||
040 ## - CATALOGING SOURCE
Transcribing agency GE_BSU
245 ## - TITLE STATEMENT
Title ლიტერატურული პალიტრა №12. 2014. დეკემბერი
245 ## - TITLE STATEMENT
Statement of responsibility, etc. მთ.რედ.ზაალ ჩხეიძე
653 ## - INDEX TERM--UNCONTROLLED
Uncontrolled term ლიტერატურული პალიტრა
942 ## - ADDED ENTRY ELEMENTS (KOHA)
Koha item type პერიოდიკა

არაა ხელმისაწვდომი ეგზემპლარები.